The monasteries of the Wadi 'n Natrûn /
Main Author:
Other Authors:
Format: Book
Language: English
Published:
New York :
[publisher not identified],
1926-1932.
Series:
Metropolitan museum of Art Egyptian Expedition ;
2, 7.
MMAEE ;
2, 7.
Subjects:
Tags: Add Tag
Call Number: ( F )DT57 .N5 v.2, 7
| LEADER | 01654namaa2200337 4500 | ||
|---|---|---|---|
| 001 | 17026 | ||
| 003 | OSt | ||
| 005 | 20240212090624.0 | ||
| 008 | 130303m19261932nyuabe 000 0 eng d | ||
| 952 | |0 0 |1 0 |2 lcc |3 V.7 |4 0 |7 1 |9 10844 |a ARCE |b ARCE |d 2021-03-07 |l 0 |o ( R )DT57 .N5 v.8/1-3 |p 1034223 |r 2021-03-07 00:00:00 |w 2021-03-07 |y BK | ||
| 952 | |0 0 |1 0 |2 lcc |3 V.2 |4 0 |7 1 |9 61722 |a ARCE |b ARCE |d 2024-02-12 |l 0 |o ( F )DT57 .N5 v.2, 7 |p 1034224 |r 2024-02-12 00:00:00 |w 2024-02-12 |y BK | ||
| 999 | |c 19386 |d 19386 | ||
| 010 | |a 26018127 | ||
| 040 | |c ARCE Library | ||
| 043 | |a f-ua--- | ||
| 050 | 4 | |a ( F )DT57 .N5 v.2, 7 | |
| 100 | 1 | |a Evelyn-White, Hugh G. |q (Hugh Gerard), |d 1884-1924, |e author | |
| 245 | 1 | 4 | |a The monasteries of the Wadi 'n Natrûn / |c Hugh G. Evelyn-White. |
| 264 | 1 | |a New York : |b [publisher not identified], |c 1926-1932. | |
| 300 | |a volumes <2, 7> : |b illustrations, plates, maps, plans, facsimiles ; |c 35 cm. | ||
| 490 | 0 | |a Metropolitan museum of Art Egyptian Expedition ; |v 2, 7. | |
| 490 | 0 | |a MMAEE ; |v 2, 7. | |
| 500 | |a Each plate accompanied by guard sheet with descriptive letterpress. | ||
| 504 | |a Includes bibliographical references. | ||
| 505 | 0 | |g part 1. |t New Coptic texts from the Monastery of Saint Macarius, edited with an introduction on the Library at the Monastery of Saint Macarius ; with an appendix on a Copto-Arabic ms. by G. P. G. Sobhy -- |g part 2. |t The history of the monasteries of Nitria and Scetis, edited by W. Hauser.-- | |
| 610 | 2 | 0 | |a Saint Macarius (Monastery) |
| 650 | 0 | |a Monasteries |z Egypt |z Natrun Valley. | |
| 650 | 0 | |a Coptic language |x Texts. | |
| 700 | |a Hauser, Walter, |d 1893- | ||
| 901 | |a reviewed | ||
| 942 | |c BK |2 lcc | ||
